[Event "5. Cerrado Mondariz-Balneario"]
[Site "Mondariz ESP"]
[Date "2006.10.13"]
[Round "6.3"]
[White "Llorente Zaro, Alfonso"]
[Black "Hoffman, Alejandro"]
[Result "1/2-1/2"]
[WhiteElo "2419"]
[BlackElo "2442"]
[PlyCount "21"]
[EventDate "2006.10.09"]
[EventType "tourn"]
[EventRounds "9"]
[EventCountry "ESP"]
[Source "lmi"]
[SourceDate "2006.10.06"]

1. d4 Nf6 2. c4 e6 3. Nc3 d5 4. Bg5 Be7 5. e3 O-O 6. Nf3 Nbd7 7. cxd5 Nxd5 8.
Bxe7 Qxe7 9. Rc1 Nxc3 10. Rxc3 c6 11. Be2 1/2-1/2

[Event "5. Cerrado Mondariz-Balneario"]
[Site "Mondariz ESP"]
[Date "2006.10.13"]
[Round "6.5"]
[White "Navarrete Delgado, Sergio"]
[Black "Mascaro March, Pedro"]
[Result "1-0"]
[WhiteElo "2211"]
[BlackElo "2360"]
[PlyCount "45"]
[EventDate "2006.10.09"]
[EventType "tourn"]
[EventRounds "9"]
[EventCountry "ESP"]
[Source "lmi"]
[SourceDate "2006.10.06"]

1. e4 c5 2. Nf3 d6 3. d4 cxd4 4. Nxd4 Nf6 5. Nc3 Nc6 6. Bg5 g6 7. Bxf6 exf6 8.
Bc4 Bg7 9. Ndb5 O-O 10. Qxd6 Qa5 11. O-O f5 12. Bd5 a6 13. Bxc6 bxc6 14. Nd4
fxe4 15. Nxc6 Qh5 16. Nxe4 Qh4 17. Rfe1 Bb7 18. c3 Kh8 19. Rad1 Rac8 20. Ne7
Bxe4 21. Nxc8 Rxc8 22. Qd7 Rf8 23. g3 1-0

[Event "5. Cerrado Mondariz-Balneario"]
[Site "Mondariz ESP"]
[Date "2006.10.14"]
[Round "7.1"]
[White "Mascaro March, Pedro"]
[Black "Solana Suarez, Ernesto"]
[Result "1-0"]
[WhiteElo "2360"]
[BlackElo "2313"]
[PlyCount "59"]
[EventDate "2006.10.09"]
[EventType "tourn"]
[EventRounds "9"]
[EventCountry "ESP"]
[Source "lmi"]
[SourceDate "2006.10.06"]

1. d4 Nf6 2. c4 e6 3. g3 d5 4. Nf3 c6 5. Qc2 Nbd7 6. Bg2 Be7 7. O-O O-O 8. Bf4
b6 9. Nbd2 Bb7 10. Rfd1 Nh5 11. Be3 f5 12. Ne5 Bd6 13. cxd5 cxd5 14. Ndc4 Bxe5
15. Nxe5 Nxe5 16. dxe5 f4 17. Bd4 fxg3 18. hxg3 Qe7 19. Rac1 Rac8 20. Qa4 Rxc1
21. Rxc1 Rc8 22. Rxc8+ Bxc8 23. Be3 g6 24. Bh6 Ng7 25. g4 Ne8 26. e3 Kf7 27.
Bf1 Ng7 28. Bb5 Ne8 29. Qf4+ Kg8 30. Bxe8 1-0

[Event "5. Cerrado Mondariz-Balneario"]
[Site "Mondariz ESP"]
[Date "2006.10.14"]
[Round "7.2"]
[White "Paunovic, Dragan"]
[Black "Navarrete Delgado, Sergio"]
[Result "1-0"]
[WhiteElo "2505"]
[BlackElo "2211"]
[PlyCount "59"]
[EventDate "2006.10.09"]
[EventType "tourn"]
[EventRounds "9"]
[EventCountry "ESP"]
[Source "lmi"]
[SourceDate "2006.10.06"]

1. Nf3 d5 2. d4 c6 3. c4 Nf6 4. e3 Bg4 5. Qb3 Bxf3 6. gxf3 Qc7 7. Nc3 e6 8. Bd2
Nbd7 9. O-O-O dxc4 10. Bxc4 b5 11. Be2 a5 12. Kb1 a4 13. Qc2 Be7 14. Rc1 Qb6
15. Ne4 Rc8 16. Nc5 O-O 17. e4 e5 18. Be3 Nxc5 19. dxc5 Qc7 20. Rcg1 Rfd8 21.
h4 Qa5 22. h5 Rd7 23. h6 g6 24. Rd1 Rcd8 25. a3 b4 26. Rxd7 Nxd7 27. axb4 Qxb4
28. Rd1 Qb7 29. Qc3 Rb8 30. Rxd7 1-0

[Event "5. Cerrado Mondariz-Balneario"]
[Site "Mondariz ESP"]
[Date "2006.10.14"]
[Round "7.4"]
[White "Recuero Guerra, David"]
[Black "Llorente Zaro, Alfonso"]
[Result "0-1"]
[WhiteElo "2350"]
[BlackElo "2419"]
[PlyCount "128"]
[EventDate "2006.10.09"]
[EventType "tourn"]
[EventRounds "9"]
[EventCountry "ESP"]
[Source "lmi"]
[SourceDate "2006.10.06"]

1. e4 e5 2. Nf3 d6 3. d4 Nf6 4. Nc3 Nbd7 5. Bc4 Be7 6. O-O O-O 7. Re1 c6 8. a4
b6 9. b3 Bb7 10. Ba3 a6 11. Bf1 b5 12. Bb2 Re8 13. axb5 axb5 14. b4 exd4 15.
Nxd4 g6 16. g3 Qb6 17. Bg2 Ne5 18. Rb1 Nc4 19. Ba1 Nd7 20. Nce2 Bf6 21. Bc3
Nde5 22. Nf4 Ra3 23. Rb3 Rea8 24. Kh1 Bc8 25. h3 Bd7 26. Qe2 Bg7 27. Rd1 Qd8
28. Rxa3 Rxa3 29. Nb3 h5 30. Nd3 Nxd3 31. Qxd3 Qe7 32. Bxg7 Kxg7 33. f4 h4 34.
Qd4+ Kg8 35. g4 Ra2 36. Qc3 g5 37. f5 Qe5 38. Qxe5 Nxe5 39. Rxd6 Rxc2 40. Nc5
Be8 41. Ne6 Rc1+ 42. Kh2 f6 43. Nxg5 fxg5 44. Re6 Kf7 45. Rxe5 Bd7 46. Rc5 Rxc5
47. bxc5 Kf6 48. Bf1 Be8 49. Bd3 Bf7 50. Bb1 Ke5 51. Kg2 Bc4 52. Kf2 Kd4 53.
Ke1 Ke5 54. Kf2 b4 55. Ke3 Bf1 56. f6 Kxf6 57. Kd4 Bxh3 58. e5+ Ke7 59. Be4 Bf1
60. Ke3 h3 61. Kf2 Bg2 62. Bf5 b3 63. Kg3 Bf1 64. Kh2 Be2 0-1

[Event "5. Cerrado Mondariz-Balneario"]
[Site "Mondariz ESP"]
[Date "2006.10.15"]
[Round "8.2"]
[White "Llorente Zaro, Alfonso"]
[Black "Frois, Antonio"]
[Result "1-0"]
[WhiteElo "2419"]
[BlackElo "2345"]
[PlyCount "61"]
[EventDate "2006.10.09"]
[EventType "tourn"]
[EventRounds "9"]
[EventCountry "ESP"]
[Source "lmi"]
[SourceDate "2006.10.06"]

1. d4 d5 2. c4 e6 3. Nf3 c5 4. cxd5 exd5 5. g3 Nc6 6. Nc3 Nf6 7. Bg2 Be7 8. O-O
O-O 9. Bf4 cxd4 10. Nxd4 Bg4 11. h3 Be6 12. Rc1 Qd7 13. Nxe6 fxe6 14. Qa4 a6
15. e4 d4 16. e5 dxc3 17. exf6 Bxf6 18. Rfd1 Qf7 19. bxc3 Rac8 20. Rd6 Rfd8 21.
Rcd1 Rxd6 22. Rxd6 h6 23. Bxc6 Rxc6 24. Rxc6 bxc6 25. Qxa6 Bxc3 26. Qxc6 e5 27.
Be3 Bd4 28. a4 Qa7 29. Qe8+ Kh7 30. Qxe5 Bxe3 31. Qe4+ 1-0

[Event "5. Cerrado Mondariz-Balneario"]
[Site "Mondariz ESP"]
[Date "2006.10.16"]
[Round "8.4"]
[White "Navarrete Delgado, Sergio"]
[Black "Hoffman, Alejandro"]
[Result "1/2-1/2"]
[WhiteElo "2211"]
[BlackElo "2442"]
[PlyCount "159"]
[EventDate "2006.10.09"]
[EventType "tourn"]
[EventRounds "9"]
[EventCountry "ESP"]
[Source "lmi"]
[SourceDate "2006.10.06"]

1. e4 c5 2. Nf3 g6 3. c4 Bg7 4. d4 cxd4 5. Nxd4 Nc6 6. Be3 Nf6 7. Nc3 O-O 8.
Be2 d6 9. Qd2 Nxd4 10. Bxd4 Bd7 11. O-O Bc6 12. f3 a5 13. b3 Nd7 14. Bxg7 Kxg7
15. Qd4+ Kg8 16. a3 Nc5 17. Rab1 Qb6 18. Rfc1 Rfc8 19. b4 axb4 20. axb4 Na4 21.
Qxb6 Nxb6 22. Ra1 Kf8 23. Kf2 e6 24. Nd1 f5 25. Ke3 fxe4 26. fxe4 Ke7 27. Nc3
Rxa1 28. Rxa1 Bd7 29. c5 dxc5 30. b5 Ra8 31. Rxa8 Nxa8 32. Na4 b6 33. Kf4 Nc7
34. Nxb6 Bxb5 35. Bxb5 Nxb5 36. e5 h6 37. Na4 c4 38. Ke3 g5 39. Nb6 c3 40. Kd3
Kf7 41. Na4 Kg6 42. g4 c2 43. Kxc2 Nd4+ 44. Kd3 Nc6 45. h3 Nxe5+ 46. Ke4 Kf6
47. Nc5 Ng6 48. Nd3 Ke7 49. Nc5 Nf8 50. Nb3 Nd7 51. Nd4 Nc5+ 52. Ke3 Kd6 53.
Nf3 Nd7 54. Ke4 Nf6+ 55. Kd4 Nd5 56. Ke4 Ke7 57. Ne5 Nf6+ 58. Kd4 Nd7 59. Nf3
Kf6 60. Nd2 Nf8 61. Ne4+ Ke7 62. Nd2 Ng6 63. Ke4 Kf6 64. Nc4 Nh8 65. Nd2 Nf7
66. Nc4 Ke7 67. Nd2 Kd7 68. Nf3 Nd6+ 69. Kd4 Ke7 70. Ne5 Nb5+ 71. Ke4 Nc3+ 72.
Kd3 Nd1 73. Ke2 Nb2 74. Ke3 Kd6 75. Nf7+ Kd5 76. Nxh6 Nc4+ 77. Kf2 Ke5 78. Kg3
Kf6 79. h4 Ne5 80. Nf5 1/2-1/2

[Event "5. Cerrado Mondariz-Balneario"]
[Site "Mondariz ESP"]
[Date "2006.10.16"]
[Round "8.5"]
[White "Mascaro March, Pedro"]
[Black "Paunovic, Dragan"]
[Result "1/2-1/2"]
[WhiteElo "2360"]
[BlackElo "2505"]
[PlyCount "77"]
[EventDate "2006.10.09"]
[EventType "tourn"]
[EventRounds "9"]
[EventCountry "ESP"]
[Source "lmi"]
[SourceDate "2006.10.06"]

1. d4 d6 2. Nf3 Nf6 3. c4 g6 4. Nc3 Bg7 5. e4 O-O 6. Be2 e5 7. O-O c6 8. d5 Na6
9. Be3 Ng4 10. Bg5 f6 11. Bh4 c5 12. Ne1 Nh6 13. a3 b6 14. Nd3 Nc7 15. b4 Ne8
16. f3 Nf7 17. Qb3 Bh6 18. Bf2 f5 19. a4 Nf6 20. a5 Bd7 21. Ra2 fxe4 22. fxe4
Ng5 23. Bh4 Ng4 24. Rxf8+ Qxf8 25. Bxg4 Bxg4 26. Nf2 Bd7 27. bxc5 bxc5 28. Qb7
Qc8 29. Rb2 Nf7 30. Nfd1 Bc1 31. Rb3 Bd2 32. h3 g5 33. Bf2 Qxb7 34. Rxb7 Bc8
35. Rb2 Bxc3 36. Nxc3 Ba6 37. Nb5 Rb8 38. Be1 Bc8 39. Bc3 1/2-1/2

[Event "5. Cerrado Mondariz-Balneario"]
[Site "Mondariz ESP"]
[Date "2006.10.16"]
[Round "9.1"]
[White "Paunovic, Dragan"]
[Black "Solana Suarez, Ernesto"]
[Result "1-0"]
[WhiteElo "2505"]
[BlackElo "2313"]
[PlyCount "89"]
[EventDate "2006.10.09"]
[EventType "tourn"]
[EventRounds "9"]
[EventCountry "ESP"]
[Source "lmi"]
[SourceDate "2006.10.06"]

1. Nf3 c5 2. g3 Nc6 3. Bg2 g6 4. O-O Bg7 5. c3 e5 6. e4 Nge7 7. d3 O-O 8. a3 d6
9. b4 Kh8 10. b5 Na5 11. c4 b6 12. Bd2 Nb7 13. Nc3 Rb8 14. a4 Bg4 15. h3 Bd7
16. Kh2 f6 17. Nd5 Nxd5 18. cxd5 f5 19. exf5 gxf5 20. Ng5 Qf6 21. Qh5 Qg6 22.
Qxg6 hxg6 23. Rae1 Nd8 24. f4 a6 25. bxa6 Ra8 26. Ne6 Bxe6 27. dxe6 Nxe6 28.
Bb7 c4 29. dxc4 e4 30. Be3 Nc5 31. Bxc5 dxc5 32. Rb1 Ra7 33. Rxb6 Kh7 34. Rd6
Re8 35. Kg2 Re7 36. Rb1 Bc3 37. Kf1 Bb4 38. Ke2 Kg7 39. Rbd1 Kf7 40. Rd7 Bc3
41. g4 fxg4 42. hxg4 Bd4 43. Rxe7+ Kxe7 44. Rb1 e3 45. Rb3 1-0

[Event "5. Cerrado Mondariz-Balneario"]
[Site "Mondariz ESP"]
[Date "2006.10.16"]
[Round "9.5"]
[White "Huerga Leache, Mikel"]
[Black "Llorente Zaro, Alfonso"]
[Result "1/2-1/2"]
[WhiteElo "2315"]
[BlackElo "2419"]
[PlyCount "85"]
[EventDate "2006.10.09"]
[EventType "tourn"]
[EventRounds "9"]
[EventCountry "ESP"]
[Source "lmi"]
[SourceDate "2006.10.06"]

1. e4 e5 2. Nf3 Nc6 3. Bb5 a6 4. Ba4 Nf6 5. O-O b5 6. Bb3 Bb7 7. c3 Nxe4 8. d4
Na5 9. Nxe5 Nxb3 10. Qxb3 Nd6 11. c4 bxc4 12. Nxc4 Nxc4 13. Qxc4 Be7 14. Bf4 d6
15. Nc3 Qd7 16. Rfe1 O-O 17. Rac1 Rab8 18. d5 Rfc8 19. b3 Bf8 20. Bg3 Qf5 21.
Qe4 Qxe4 22. Rxe4 c6 23. Ree1 cxd5 24. Ne2 g6 25. Bf4 Rxc1 26. Rxc1 Rc8 27.
Rxc8 Bxc8 28. Be3 Be7 29. Kf1 Kf8 30. Ke1 Bb7 31. g3 Ke8 32. Kd2 Kd7 33. h4 Bc6
34. a4 Bd8 35. Kc3 Kc8 36. Bd4 Kb7 37. Be3 Bd7 38. Kb4 Bf6 39. Bd4 Bg4 40. Bxf6
Bxe2 41. Bd4 Kc6 42. Ka5 Bf1 43. Kb4 1/2-1/2